000 02202cam a22004934i 4500
003 PE-LiUPU
005 20250731173348.0
008 150706s2006 sp r 000 0 spa d
020 _a8479148373
035 _a(Sirsi) i9788479148379
040 _aPE-LiUPU
_bspa
_cPE-LiUPU
_erda
049 _aPRUA
082 0 4 _a239.1
_bOCJ
_221
100 1 _aJerónimo, San,
_dc. 331-420,
_eautor.
245 1 0 _aComentario a Ezequiel. Comentario a Daniel :
_bSan Jerónimo. Obras completas. edición bilingüe promovida por la orden de San Jerónimo 5b /
_ctraducción, introducción y notas de Hipólito-B. Riesco Álvarez .
264 1 _aMadrid :
_bBiblioteca de Autores Cristianos,
_c2006 .
300 _a794 páginas ;
_c20 centímetros
336 _atext
_2rdacontent
337 _aunmediated
_2rdamedia
338 _avolume
_2rdacarrier
490 0 _aB.A.C. ;
_v662
505 0 _aComentario al Profeta Ezequiel -- Libro noveno -- Libro décimo -- Libro undécimo -- Libro duodécimo -- Libro decimotercero -- Libro decimocuarto -- Comentario al profeta Daniel -- Libro primero -- Libro segundo -- Libro tercero -- Comentario al anticristo de Daniel -- Susana [Libro cuarto] -- Índice de citas de las Sagradas Escrituras -- Índice Onomástico.
526 _aSEG42
526 _aSEG41
526 _aSEG40
526 _aSEG39
526 _aP94
526 _aP87
526 _aP86
526 _aP85
526 _aP77
526 _aP76
526 _aP35
541 _g007-0020527;
630 _aBiblia.
_pA.T.
_pDaniel
_xComentarios.
630 _aBiblia.
_pA.T.
_pEzequiel
_xComentarios.
700 1 _aRiesco Álvarez, Hipólito-Benjamín,
_etr.
910 _agl
_bjv
_clch
_d20100111
942 _2ddc
_cBOOK
949 _a239.1 OCJ 5B
_wDEWEY
_c1
_i60916
_d2016-5-16
_e2016-5-11
_lCCODEBUL1
_mBUL
_n2
_p52.00
_r0
_sY
_tBOOK
_u2015-7-6
_xTEOLOGIA
_zUNKNOWN
_0COMPRA
_o.STAFF. Colección Teología
994 _aC0
_bPEPRU
596 _a1
999 _a239.1 OCJ 5B
_wDEWEY
_c50274
_i60916
_d50274
_e2016-5-11
_f2021-11-10
_g5
_lCCODEBUL1
_mBUL
_n2
_p52.00
_r0
_sY
_tBOOK
_u2015-7-6
_xTEOLOGIA
_PP35
_0COMPRA
_o.STAFF. Colección Teología
980 _81
_gALBERTO SANCHEZ Responsable de Automatización